000 00705nam a2200181 i 4500
001 158164
003 ES-MaACL
005 20250901032928.0
008 020904s1892 sp |||| | spa d
040 _aCCPB | B
_bspa
_cCCPB | B
100 1 _aLoza y Collado, Emilio.
_9129105
245 1 3 _aLa etiología del cólera
_b: tesis de doctorado /
_cpor Emilio Loza y Collado.
260 _aMadrid :
_b[s.n.],
_c1892 (
_fR. Velasco, impresor)
300 _a74 p. ;
_c22 cm.
650 7 _aCólera
_2embne
_911143
852 _aES-MaACL
_jT-528-F-13
_z-- Enc. hol. conservando la cub. original
_z-- Enc. en un vol. facticio
_x-- Edic.: Precede al tit.: Facultad de Medicina de Madrid
999 _c158164
_d158164